01577nam a2200205 a 4500008004100000041000800041092002000049110003700069245007400106250001100180260006700191300001000258500012000268505068600388590004201074655003401116942001201150999001501162952019401177121101q1995 ag |||g |||| 001 0 spa d aspa c342.02l13sCON1 aLegislatura de Río Negro93144 aConstitución de la Nación Argentina /cLegislatura de Río Negro a1a ed. aViedma [Río Negro-ARG.]:bLegislatura de Río Negro;c1995. a61 p. aConstitución de la Nación Argentina. (1995) (1a ed.). Río Negro : Legislatura de la Provincia de Río Negro. aNos los representantes del pueblo de la Nación Argentina, reunidos en Congreso General Constituyente por voluntad y elección de las provincias que la componen, en cumplimiento de pactos preexistentes, con el objeto de constituir la unión nacional, afianzar la justicia, consolidar la paz interior, proveer a la defensa común, promover el bienestar general, y asegurar los beneficios de la libertad, para nosotros, para nuestra posteridad, y para todos los hombres del mundo que quieran habitar en el suelo argentino: invocando la protección de Dios, fuente de toda razón y justicia: ordenamos, decretamos y establecemos esta Constitución, para la Nación Argentina.  aDonación Legislatura de Río Negro aConstitución Nacional93145 2ddccBK c2297d2297 00102ddc4070aBFMbBFMcCRd2017-02-20eDonación Legislatura de Río Negro, 2016l0o342.02 13 CONp3776r2017-02-20tEj.1w2017-02-20yBKzDonación Legislatura de Río Negro, 2016